Туберкулез в городе и на селе. Вып. 2-й: Социально-гигиенические условия и туберкулез в украинском селе (Запись № 13578648)

Подробности
000 -МАРКЕР
контрольное поле 01871nam2a2200325 4500
001 - ИДЕНТИФИКАТОР ЗАПИСИ
контрольное поле rc\2861085
005 - ИДЕНТИФИКАТОР ВЕРСИИ
контрольное поле 20260315050739.0
035 ## - ДРУГИЕ СИСТЕМНЫЕ НОМЕРА
Идентификатор записи (NLR Aleph) 007015372
100 ## - ДАННЫЕ ОБЩЕЙ ОБРАБОТКИ
Данные общей обработки 20110710d1928 u y0rusy50 ca
101 0# - ЯЗЫК РЕСУРСА
Язык текста, звукозаписи и т.д. русский
102 ## - СТРАНА ПУБЛИКАЦИИ ИЛИ ПРОИЗВОДСТВА
Страна публикации Российская Федерация
105 ## - ПОЛЕ КОДИРОВАННЫХ ДАННЫХ: ТЕКСТОВЫЕ МАТЕРИАЛЫ, МОНОГРАФИЧЕСКИЕ
Кодированные данные о монографическом текстовом документе ae z |||||
200 1# - ЗАГЛАВИЕ И СВЕДЕНИЯ ОБ ОТВЕТСТВЕННОСТИ
Основное заглавие Социально-гигиенические условия и туберкулез в украинском селе
Первые сведения об ответственности Под ред. проф. И.И. Файншмидта, д-ра Н.С. Морозовского и д-ра Л.Д. Ульянова
210 ## - ПУБЛИКАЦИЯ, РАСПРОСТРАНЕНИЕ И ДР.
Дата издания, распространения и т.д. 1928
215 ## - ФИЗИЧЕСКАЯ ХАРАКТЕРИСТИКА
Специфическое обозначение материала и объем X, 380 с., [19] вкл. л. с план. и ил.
Другие сведения о физической характеристике рис., диагр., план., ил.
300 ## - ОБЩИЕ ПРИМЕЧАНИЯ
Текст примечания Предисловие: Д.И. Ефимов
300 ## - ОБЩИЕ ПРИМЕЧАНИЯ
Текст примечания В конце книги рефераты всех статей на нем. яз.
320 ## - ПРИМЕЧАНИЯ О НАЛИЧИИ В ДОКУМЕНТЕ БИБЛИОГРАФИИ / УКАЗАТЕЛЯ
Текст примечания Библиогр. - к статьям
461 #0 - УРОВЕНЬ НАБОРА
Встроенное поле 001rc\2861084
-- 2001#$aТуберкулез в городе и на селе$f1-й укр. гос. туб. ин-т Наркомздрава УССР. Отдел соц. патологии и профилактики$vВып. 2-й
Системный номер (АБИС) связанной записи 5856061
Место публикации Харьков
Дата публикации 1928
Первые сведения об ответственности 1-й укр. гос. туб. ин-т Наркомздрава УССР. Отдел соц. патологии и профилактики
Имя издателя, распространителя и т.д. Научная мысль
Заглавие Туберкулез в городе и на селе
Номер тома Вып. 2-й
702 #1 - ИМЯ ЛИЦА - ВТОРИЧНАЯ ОТВЕТСТВЕННОСТЬ
Начальный элемент ввода Файншмидт
Часть имени, кроме начального элемента ввода И.И.
Код отношения Редактор
702 #1 - ИМЯ ЛИЦА - ВТОРИЧНАЯ ОТВЕТСТВЕННОСТЬ
Начальный элемент ввода Морозовский
Часть имени, кроме начального элемента ввода Н.С.
Код отношения Редактор
702 #1 - ИМЯ ЛИЦА - ВТОРИЧНАЯ ОТВЕТСТВЕННОСТЬ
Начальный элемент ввода Ульянов
Часть имени, кроме начального элемента ввода Л.Д.
Код отношения Редактор
702 #1 - ИМЯ ЛИЦА - ВТОРИЧНАЯ ОТВЕТСТВЕННОСТЬ
Код отношения Автор введения, предисловия, примечания и т.п.
Графика поля Кириллица
Материалы, к которым относится поле rus
Начальный элемент ввода Ефимов
Часть имени, кроме начального элемента ввода Д. И.
Дополнения к именам, кроме дат госслужащий, наркомздрав
Даты 1886-1938
Расширение инициалов личного имени Дмитрий Иванович
Системный номер авторитетной/нормативной записи 257671
Идентификатор авторитетной/нормативной записи RU\NLR\AUTH\770257727
801 #0 - ИСТОЧНИК ЗАПИСИ
Страна Российская Федерация
Организация NLR
Правила каталогизации psbo
801 #1 - ИСТОЧНИК ЗАПИСИ
Страна Российская Федерация
Организация ELAR
Источник данных rusmarc
852 ## - МЕСТОНАХОЖДЕНИЕ И ШИФР ХРАНЕНИЯ
Идентификатор организации NLR
Шифр хранения (Call Number) 42/490(2)
942 ## - ДОПОЛНИТЕЛЬНЫЕ ЭЛЕМЕНТЫ ЗАПИСИ (АБИС)
Тип экземпляра АБИС Неопределено
980 ## - КОЛЛЕКЦИЯ
Название коллекции Национальная библиография

Нет доступных экземпляров.